00485nam a2200169Ia 4500999001700000003000400017005001700021008004100038040001800079082001800097100003100115245005900146260004900205300000900254650001000263942004200273 c15711d15711OSt20200606115832.0190216s9999||||xx |||||||||||||| ||und|| cMESKC library a891.43bTIW/Z aThiwary, Vishva Mohan9452 0aZinthagi Fir Fir Mere Karib He /cVishva Mohan Thiwary bBhageerath Seva Samsthan,aNew Delhi:c1991. a216p aHindi cBK2ddch891.43iTIW/Zk891.43mTIW/Z